000 00332nam a22001337a 4500
020 _qPB.
040 _cFIZZA ISHAQ
082 _a005.8
_bALS
100 _aPATHAN,KHAN SAKIB AL.
_989191
245 _aSTATE OF THE ART IN INTRUSION /
_cAL SAKIB KHAN PATHAN.
260 _aCRC PRESS ;
_c2014.
300 _a496 P. ;
942 _2ddc
_cBK
999 _c588004
_d588004